00621nam a2200253Ia 4500008004100000040001200041082001600053082001500069100002700084245002400111260002800135260000900163300001200172300000600184300001400190530001700204563001000221600002700231630002400258650002100282650001300303700002700316730002400343160321s9999||||xx |||||||||||||| ||und|| cEnglish aXI.E/Henson bBORI-16303 aHerbert Hensley Henson aChristian Morality  bOxford University Press c1936 axiv+340 cB eHardbound u00072226.pdf aStudy aHerbert Hensley Henson aChristian Morality  aGeneral Indology aReligion aHerbert Hensley Henson aChristian Morality